000
00334nam a2200133Ia 4500
008
221007s9999 xx 000 0 und d
020
_a
3543
041
_a
eng
082
_a
658
_b
WIN
100
_a
Albright S C & Winston W L
_9
96910
245
_a
Practical Management Science
260
_c
2003
_b
Thomson
_a
New Delhi
906
_b
General
999
_c
61372
_d
61372